All Scotland Players Since 2000 - Statistics

General Stats
  • This quiz has been taken 89 times
  • The average score is 366 of 863
Answer Stats
% Correct
2023 Liverpool Andrew Robertson
92%
2022 Liverpool Andrew Robertson
92%
2021 Liverpool Andrew Robertson
92%
2020 Liverpool Andrew Robertson
92%
2019 Liverpool Andrew Robertson
92%
2018 Liverpool Andrew Robertson
92%
2017 Hull City Andrew Robertson
92%
2016 Hull City Andrew Robertson
92%
2015 Hull City Andrew Robertson
92%
2014 Dundee United Andrew Robertson
92%
2023 Manchester United Scott McTominay
92%
2022 Manchester United Scott McTominay
92%
2021 Manchester United Scott McTominay
92%
2020 Manchester United Scott McTominay
92%
2019 Manchester United Scott McTominay
92%
2018 Manchester United Scott McTominay
92%
2010 Stirling Albion Scott Robertson
92%
2008 Queen of the South Scott Robertson
92%
2023 Arsenal Kieran Tierney
84%
2022 Arsenal Kieran Tierney
84%
2021 Arsenal Kieran Tierney
84%
2020 Arsenal Kieran Tierney
84%
2018 Celtic Kieran Tierney
84%
2017 Celtic Kieran Tierney
84%
2016 Celtic Kieran Tierney
84%
2023 Aston Villa John McGinn
82%
2022 Aston Villa John McGinn
82%
2021 Aston Villa John McGinn
82%
2020 Aston Villa John McGinn
82%
2019 Aston Villa John McGinn
82%
2018 Aston Villa John McGinn
82%
2017 Hibernian John McGinn
82%
2016 Hibernian John McGinn
82%
2021 Hibernian Paul McGinn
81%
2020 Hibernian Paul McGinn
81%
2009 Rangers Barry Ferguson
76%
2008 Rangers Barry Ferguson
76%
2007 Rangers Barry Ferguson
76%
2006 Rangers Barry Ferguson
76%
2005 Rangers Barry Ferguson
76%
2004 Blackburn Rovers Barry Ferguson
76%
2003 Blackburn Rovers Barry Ferguson
76%
2002 Rangers Barry Ferguson
76%
2001 Rangers Barry Ferguson
76%
2000 Rangers Barry Ferguson
76%
2023 Stoke City Jacob Brown
76%
2022 Stoke City Jacob Brown
76%
2021 Stoke City Jacob Brown
76%
2023 Bologna Lewis Ferguson
76%
2022 Aberdeen Lewis Ferguson
76%
2021 Aberdeen Lewis Ferguson
76%
2017 Celtic Scott Brown
76%
2016 Celtic Scott Brown
76%
2015 Celtic Scott Brown
76%
2014 Celtic Scott Brown
76%
2013 Celtic Scott Brown
76%
2012 Celtic Scott Brown
76%
2011 Celtic Scott Brown
76%
2010 Celtic Scott Brown
76%
2009 Celtic Scott Brown
76%
2008 Celtic Scott Brown
76%
2007 Hibernian Scott Brown
76%
2005 Hibernian Scott Brown
76%
2017 West Bromwich Albion Darren Fletcher
74%
2016 West Bromwich Albion Darren Fletcher
74%
2015 West Bromwich Albion Darren Fletcher
74%
2014 Manchester United Darren Fletcher
74%
2012 Manchester United Darren Fletcher
74%
2011 Manchester United Darren Fletcher
74%
2010 Manchester United Darren Fletcher
74%
2009 Manchester United Darren Fletcher
74%
2008 Manchester United Darren Fletcher
74%
2007 Manchester United Darren Fletcher
74%
2006 Manchester United Darren Fletcher
74%
2005 Manchester United Darren Fletcher
74%
2004 Manchester United Darren Fletcher
74%
2003 Manchester United Darren Fletcher
74%
2018 Sheffield Wednesday Steven Fletcher
74%
2017 Sheffield Wednesday Steven Fletcher
74%
2016 Sheffield Wednesday Steven Fletcher
74%
2015 Sunderland Steven Fletcher
74%
2014 Sunderland Steven Fletcher
74%
2013 Sunderland Steven Fletcher
74%
2012 Sunderland Steven Fletcher
74%
2010 Wolverhampton Wanderers Steven Fletcher
74%
2009 Hibernian Steven Fletcher
74%
2008 Hibernian Steven Fletcher
74%
2015 Stoke City Charlie Adam
73%
2014 Stoke City Charlie Adam
73%
2013 Stoke City Charlie Adam
73%
2012 Stoke City Charlie Adam
73%
2011 Liverpool Charlie Adam
73%
2010 Blackpool Charlie Adam
73%
2009 Blackpool Charlie Adam
73%
2007 Rangers Charlie Adam
73%
2022 Hearts Craig Gordon
73%
2021 Hearts Craig Gordon
73%
2020 Hearts Craig Gordon
73%
2018 Celtic Craig Gordon
73%
2017 Celtic Craig Gordon
73%
2016 Celtic Craig Gordon
73%
2015 Celtic Craig Gordon
73%
2014 Celtic Craig Gordon
73%
2010 Sunderland Craig Gordon
73%
2009 Sunderland Craig Gordon
73%
2008 Sunderland Craig Gordon
73%
2007 Hearts Craig Gordon
73%
2006 Hearts Craig Gordon
73%
2005 Hearts Craig Gordon
73%
2004 Hearts Craig Gordon
73%
2023 Celtic Callum McGregor
71%
2022 Celtic Callum McGregor
71%
2021 Celtic Callum McGregor
71%
2020 Celtic Callum McGregor
71%
2019 Celtic Callum McGregor
71%
2018 Celtic Callum McGregor
71%
2017 Celtic Callum McGregor
71%
2018 Rangers Allan McGregor
69%
2017 Cardiff City Allan McGregor
69%
2016 Hull City Allan McGregor
69%
2015 Hull City Allan McGregor
69%
2014 Hull City Allan McGregor
69%
2013 Besiktas Allan McGregor
69%
2012 Besiktas Allan McGregor
69%
2011 Rangers Allan McGregor
69%
2010 Rangers Allan McGregor
69%
2009 Rangers Allan McGregor
69%
2008 Rangers Allan McGregor
69%
2007 Rangers Allan McGregor
69%
2023 Southampton Che Adams
68%
2022 Southampton Che Adams
68%
2021 Southampton Che Adams
68%
2001 Dundee United Charlie Miller
65%
2013 Vancouver Whitecaps Kenny Miller
65%
2012 Vancouver Whitecaps Kenny Miller
65%
2011 Cardiff City Kenny Miller
65%
2010 Rangers Kenny Miller
65%
2009 Rangers Kenny Miller
65%
2008 Rangers Kenny Miller
65%
2007 Celtic Kenny Miller
65%
2006 Wolverhampton Wanderers Kenny Miller
65%
2005 Wolverhampton Wanderers Kenny Miller
65%
2004 Wolverhampton Wanderers Kenny Miller
65%
2003 Wolverhampton Wanderers Kenny Miller
65%
2001 Rangers Kenny Miller
65%
2009 Aberdeen Lee Miller
65%
2008 Aberdeen Lee Miller
65%
2006 Dundee United Lee Miller
65%
2023 Brighton & Hove Albion Billy Gilmour
63%
2022 Norwich City Billy Gilmour
63%
2021 Norwich City Billy Gilmour
63%
2023 Norwich City Kenny McLean
63%
2022 Norwich City Kenny McLean
63%
2021 Norwich City Kenny McLean
63%
2020 Norwich City Kenny McLean
63%
2019 Norwich City Kenny McLean
63%
2018 Norwich City Kenny McLean
63%
2017 Aberdeen Kenny McLean
63%
2016 Aberdeen Kenny McLean
63%
2023 Leeds United Liam Cooper
63%
2022 Leeds United Liam Cooper
63%
2021 Leeds United Liam Cooper
63%
2020 Leeds United Liam Cooper
63%
2019 Leeds United Liam Cooper
63%
2017 Leeds United Liam Cooper
63%
2016 Leeds United Liam Cooper
63%
2023 Rangers Ryan Jack
63%
2022 Rangers Ryan Jack
63%
2020 Rangers Ryan Jack
63%
2019 Rangers Ryan Jack
63%
2018 Rangers Ryan Jack
63%
2017 Rangers Ryan Jack
63%
2023 Southampton Stuart Armstrong
63%
2022 Southampton Stuart Armstrong
63%
2021 Southampton Stuart Armstrong
63%
2020 Southampton Stuart Armstrong
63%
2019 Southampton Stuart Armstrong
63%
2018 Southampton Stuart Armstrong
63%
2017 Celtic Stuart Armstrong
63%
2012 Brighton & Hove Albion Craig Mackail-Smith
61%
2011 Brighton & Hove Albion Craig Mackail-Smith
61%
2001 Bolton Wanderers Colin Hendry
60%
2000 Coventry City Colin Hendry
60%
2023 Club Brugge Jack Hendry
60%
2022 Club Brugge Jack Hendry
60%
2021 Club Brugge Jack Hendry
60%
2018 Celtic Jack Hendry
60%
2003 Celtic Jamie Smith
58%
2023 Queens Park Rangers Lyndon Dykes
58%
2022 Queens Park Rangers Lyndon Dykes
58%
2021 Queens Park Rangers Lyndon Dykes
58%
2020 Queens Park Rangers Lyndon Dykes
58%
2023 Bournemouth Ryan Christie
58%
2022 Bournemouth Ryan Christie
58%
2021 Bournemouth Ryan Christie
58%
2020 Celtic Ryan Christie
58%
2019 Celtic Ryan Christie
58%
2018 Celtic Ryan Christie
58%
2017 Aberdeen Ryan Christie
58%
2023 Norwich City Grant Hanley
56%
2022 Norwich City Grant Hanley
56%
2021 Norwich City Grant Hanley
56%
2018 Norwich City Grant Hanley
56%
2017 Norwich City Grant Hanley
56%
2016 Newcastle United Grant Hanley
56%
2015 Blackburn Rovers Grant Hanley
56%
2014 Blackburn Rovers Grant Hanley
56%
2013 Blackburn Rovers Grant Hanley
56%
2012 Blackburn Rovers Grant Hanley
56%
2011 Blackburn Rovers Grant Hanley
56%
2023 Hearts Zander Clark
56%
2022 St. Johnstone Zander Clark
56%
2021 St. Johnstone Zander Clark
56%
2023 Norwich City Angus Gunn
55%
2022 Hibernian David Marshall
55%
2021 Derby County David Marshall
55%
2020 Derby County David Marshall
55%
2019 Hull City David Marshall
55%
2017 Hull City David Marshall
55%
2016 Hull City David Marshall
55%
2015 Cardiff City David Marshall
55%
2014 Cardiff City David Marshall
55%
2013 Cardiff City David Marshall
55%
2009 Cardiff City David Marshall
55%
2004 Celtic David Marshall
55%
2023 Celtic Greg Taylor
55%
2022 Celtic Greg Taylor
55%
2021 Celtic Greg Taylor
55%
2020 Celtic Greg Taylor
55%
2019 Kilmarnock Greg Taylor
55%
2023 Everton Nathan Patterson
55%
2022 Everton Nathan Patterson
55%
2021 Rangers Nathan Patterson
55%
2022 Newcastle United Ryan Fraser
55%
2021 Newcastle United Ryan Fraser
55%
2020 Newcastle United Ryan Fraser
55%
2019 Bournemouth Ryan Fraser
55%
2018 Bournemouth Ryan Fraser
55%
2017 Bournemouth Ryan Fraser
55%
2011 Liverpool Danny Wilson
53%
2010 Liverpool Danny Wilson
53%
2014 Hull City George Boyd
53%
2013 Hull City George Boyd
53%
2010 Rangers Kris Boyd
53%
2008 Rangers Kris Boyd
53%
2007 Rangers Kris Boyd
53%
2006 Rangers Kris Boyd
53%
2019 Hearts Steven Naismith
53%
2018 Hearts Steven Naismith
53%
2017 Norwich City Steven Naismith
53%
2016 Norwich City Steven Naismith
53%
2015 Everton Steven Naismith
53%
2014 Everton Steven Naismith
53%
2013 Everton Steven Naismith
53%
2012 Everton Steven Naismith
53%
2011 Rangers Steven Naismith
53%
2010 Rangers Steven Naismith
53%
2009 Rangers Steven Naismith
53%
2007 Kilmarnock Steven Naismith
53%
2001 Celtic Tommy Boyd
53%
2000 Celtic Tommy Boyd
53%
2014 Birmingham City Chris Burke
52%
2013 Birmingham City Chris Burke
52%
2006 Rangers Chris Burke
52%
2011 Celtic Mark Wilson
52%
2020 West Bromwich Albion Oliver Burke
52%
2019 Celtic Oliver Burke
52%
2017 RB Leipzig Oliver Burke
52%
2016 RB Leipzig Oliver Burke
52%
2017 West Bromwich Albion James Morrison
50%
2016 West Bromwich Albion James Morrison
50%
2015 West Bromwich Albion James Morrison
50%
2014 West Bromwich Albion James Morrison
50%
2013 West Bromwich Albion James Morrison
50%
2012 West Bromwich Albion James Morrison
50%
2011 West Bromwich Albion James Morrison
50%
2010 West Bromwich Albion James Morrison
50%
2009 West Bromwich Albion James Morrison
50%
2008 West Bromwich Albion James Morrison
50%
2004 Livingston Jamie McAllister
50%
2019 West Bromwich Albion Matt Phillips
50%
2018 West Bromwich Albion Matt Phillips
50%
2017 West Bromwich Albion Matt Phillips
50%
2016 Queens Park Rangers Matt Phillips
50%
2012 Blackpool Matt Phillips
50%
2021 Sheffield United Oliver McBurnie
50%
2020 Sheffield United Oliver McBurnie
50%
2019 Swansea City Oliver McBurnie
50%
2018 Swansea City Oliver McBurnie
50%
2023 Brentford Aaron Hickey
48%
2022 Bologna Aaron Hickey
48%
2010 Rangers David Weir
48%
2009 Rangers David Weir
48%
2008 Rangers David Weir
48%
2007 Rangers David Weir
48%
2006 Everton David Weir
48%
2005 Everton David Weir
48%
2002 Everton David Weir
48%
2001 Everton David Weir
48%
2000 Everton David Weir
48%
2017 Crystal Palace James McArthur
48%
2016 Crystal Palace James McArthur
48%
2015 Crystal Palace James McArthur
48%
2014 Crystal Palace James McArthur
48%
2013 Wigan Athletic James McArthur
48%
2012 Wigan Athletic James McArthur
48%
2011 Wigan Athletic James McArthur
48%
2010 Wigan Athletic James McArthur
48%
2010 Birmingham City James McFadden
48%
2009 Birmingham City James McFadden
48%
2008 Birmingham City James McFadden
48%
2007 Everton James McFadden
48%
2006 Everton James McFadden
48%
2005 Everton James McFadden
48%
2004 Everton James McFadden
48%
2003 Everton James McFadden
48%
2002 Motherwell James McFadden
48%
2023 Motherwell Liam Kelly
48%
2022 Motherwell Liam Kelly
48%
2021 Motherwell Liam Kelly
48%
2019 Livingston Liam Kelly
48%
2012 Kilmarnock Liam Kelly
48%
2008 Hearts Michael Stewart
48%
2002 Manchester United Michael Stewart
48%
2022 Sunderland Ross Stewart
48%
2022 Luton Town Allan Campbell
47%
2002 Middlesbrough Allan Johnston
47%
2001 Rangers Allan Johnston
47%
2000 Bolton Wanderers Allan Johnston
47%
2018 Newcastle United Matt Ritchie
47%
2017 Newcastle United Matt Ritchie
47%
2016 Newcastle United Matt Ritchie
47%
2015 Bournemouth Matt Ritchie
47%
2019 West Ham United Robert Snodgrass
47%
2018 West Ham United Robert Snodgrass
47%
2017 West Ham United Robert Snodgrass
47%
2016 Hull City Robert Snodgrass
47%
2013 Norwich City Robert Snodgrass
47%
2012 Norwich City Robert Snodgrass
47%
2011 Leeds United Robert Snodgrass
47%
2023 Watford Ryan Porteous
47%
2022 Hibernian Ryan Porteous
47%
2021 Hibernian Ryan Porteous
47%
2020 Hibernian Ryan Porteous
47%
2019 Hibernian Ryan Porteous
47%
2022 Nottingham Forest Scott McKenna
47%
2021 Nottingham Forest Scott McKenna
47%
2020 Aberdeen Scott McKenna
47%
2019 Aberdeen Scott McKenna
47%
2018 Aberdeen Scott McKenna
47%
2017 Fulham Chris Martin
45%
2016 Fulham Chris Martin
45%
2015 Derby County Chris Martin
45%
2014 Derby County Chris Martin
45%
2021 Celtic James Forrest
45%
2020 Celtic James Forrest
45%
2019 Celtic James Forrest
45%
2018 Celtic James Forrest
45%
2017 Celtic James Forrest
45%
2016 Celtic James Forrest
45%
2015 Celtic James Forrest
45%
2013 Celtic James Forrest
45%
2012 Celtic James Forrest
45%
2011 Celtic James Forrest
45%
2023 Hearts Lawrence Shankland
45%
2020 Dundee United Lawrence Shankland
45%
2019 Dundee United Lawrence Shankland
45%
2004 Walsall Paul Ritchie
45%
2000 Bolton Wanderers Paul Ritchie
45%
2017 Norwich City Russell Martin
45%
2016 Norwich City Russell Martin
45%
2015 Norwich City Russell Martin
45%
2014 Norwich City Russell Martin
45%
2013 Norwich City Russell Martin
45%
2012 Norwich City Russell Martin
45%
2011 Norwich City Russell Martin
45%
2016 Aston Villa Alan Hutton
44%
2015 Aston Villa Alan Hutton
44%
2014 Bolton Wanderers Alan Hutton
44%
2013 Mallorca Alan Hutton
44%
2012 Aston Villa Alan Hutton
44%
2011 Aston Villa Alan Hutton
44%
2010 Sunderland Alan Hutton
44%
2009 Tottenham Hotspur Alan Hutton
44%
2008 Tottenham Hotspur Alan Hutton
44%
2007 Rangers Alan Hutton
44%
2017 Derby County Ikechi Anya
44%
2016 Derby County Ikechi Anya
44%
2015 Watford Ikechi Anya
44%
2014 Watford Ikechi Anya
44%
2013 Watford Ikechi Anya
44%
2021 Sheffield United John Fleck
44%
2020 Sheffield United John Fleck
44%
2019 Sheffield United John Fleck
44%
2018 Sheffield United John Fleck
44%
2005 Portsmouth Richard Hughes
44%
2004 Portsmouth Richard Hughes
44%
2022 Hearts Barrie McKay
42%
2016 Rangers Barrie McKay
42%
2002 Nottingham Forest Gareth Williams
42%
2009 Norwich City Stephen Hughes
42%
2004 Rangers Steven Thompson
42%
2003 Rangers Steven Thompson
42%
2002 Dundee United Steven Thompson
42%
2013 Wigan Athletic Gary Caldwell
40%
2012 Wigan Athletic Gary Caldwell
40%
2011 Wigan Athletic Gary Caldwell
40%
2010 Wigan Athletic Gary Caldwell
40%
2009 Celtic Gary Caldwell
40%
2008 Celtic Gary Caldwell
40%
2007 Celtic Gary Caldwell
40%
2006 Hibernian Gary Caldwell
40%
2005 Hibernian Gary Caldwell
40%
2004 Hibernian Gary Caldwell
40%
2002 Hibernian Gary Caldwell
40%
2009 Sheffield United Gary Naysmith
40%
2008 Sheffield United Gary Naysmith
40%
2007 Everton Gary Naysmith
40%
2006 Everton Gary Naysmith
40%
2005 Everton Gary Naysmith
40%
2004 Everton Gary Naysmith
40%
2003 Everton Gary Naysmith
40%
2002 Everton Gary Naysmith
40%
2001 Everton Gary Naysmith
40%
2000 Hearts Gary Naysmith
40%
2004 Norwich City Malky Mackay
40%
2003 Celtic Paul Lambert
40%
2002 Celtic Paul Lambert
40%
2001 Celtic Paul Lambert
40%
2000 Celtic Paul Lambert
40%
2010 Wigan Athletic Steven Caldwell
40%
2009 Burnley Steven Caldwell
40%
2006 Sunderland Steven Caldwell
40%
2005 Sunderland Steven Caldwell
40%
2004 Leeds United Steven Caldwell
40%
2001 Newcastle United Steven Caldwell
40%
2003 Bradford City Andy Gray
39%
2017 Sheffield Wednesday Barry Bannan
39%
2016 Sheffield Wednesday Barry Bannan
39%
2015 Bolton Wanderers Barry Bannan
39%
2014 Crystal Palace Barry Bannan
39%
2013 Aston Villa Barry Bannan
39%
2012 Aston Villa Barry Bannan
39%
2011 Aston Villa Barry Bannan
39%
2010 Aston Villa Barry Bannan
39%
2009 Preston North End Callum Davidson
39%
2002 Leicester City Callum Davidson
39%
2001 Leicester City Callum Davidson
39%
2000 Blackburn Rovers Callum Davidson
39%
2001 Newcastle United Kevin Gallacher
39%
2000 Newcastle United Kevin Gallacher
39%
2002 Tottenham Hotspur Neil Sullivan
39%
2001 Tottenham Hotspur Neil Sullivan
39%
2000 Wimbledon Neil Sullivan
39%
2004 Dundee United Paul Gallacher
39%
2003 Dundee United Paul Gallacher
39%
2002 Dundee United Paul Gallacher
39%
2012 Middlesbrough Barry Robson
37%
2011 Middlesbrough Barry Robson
37%
2010 Middlesbrough Barry Robson
37%
2009 Celtic Barry Robson
37%
2008 Celtic Barry Robson
37%
2007 Dundee United Barry Robson
37%
2008 Rangers Christian Dailly
37%
2007 Southampton Christian Dailly
37%
2006 West Ham United Christian Dailly
37%
2005 West Ham United Christian Dailly
37%
2004 West Ham United Christian Dailly
37%
2003 West Ham United Christian Dailly
37%
2002 West Ham United Christian Dailly
37%
2001 West Ham United Christian Dailly
37%
2000 Blackburn Rovers Christian Dailly
37%
2022 St. Mirren Declan Gallagher
37%
2021 Aberdeen Declan Gallagher
37%
2020 Motherwell Declan Gallagher
37%
2019 Motherwell Declan Gallagher
37%
2019 Sporting Kansas City Johnny Russell
37%
2018 Sporting Kansas City Johnny Russell
37%
2015 Derby County Johnny Russell
37%
2014 Derby County Johnny Russell
37%
2018 Fulham Kevin McDonald
37%
2016 Wolverhampton Wanderers Kevin McDonald
37%
2012 St. Johnstone Murray Davidson
37%
2005 Southampton Neil McCann
37%
2004 Southampton Neil McCann
37%
2003 Southampton Neil McCann
37%
2002 Rangers Neil McCann
37%
2001 Rangers Neil McCann
37%
2000 Rangers Neil McCann
37%
2022 Celtic Anthony Ralston
35%
2021 Celtic Anthony Ralston
35%
2018 Aberdeen Gary Mackay-Steven
35%
2013 Dundee United Gary Mackay-Steven
35%
2018 Kilmarnock Jamie MacDonald
35%
2010 Rangers Kevin Thomson
35%
2008 Rangers Kevin Thomson
35%
2021 Sheffield Wednesday Liam Palmer
35%
2020 Sheffield Wednesday Liam Palmer
35%
2019 Sheffield Wednesday Liam Palmer
35%
2004 Leicester City Paul Dickov
35%
2003 Leicester City Paul Dickov
35%
2002 Leicester City Paul Dickov
35%
2000 Manchester City Paul Dickov
35%
2022 Motherwell Stephen O'Donnell
35%
2021 Motherwell Stephen O'Donnell
35%
2020 Motherwell Stephen O'Donnell
35%
2019 Kilmarnock Stephen O'Donnell
35%
2018 Kilmarnock Stephen O'Donnell
35%
2019 Fulham Tom Cairney
35%
2018 Fulham Tom Cairney
35%
2017 Fulham Tom Cairney
35%
2009 Burnley Graham Alexander
34%
2008 Burnley Graham Alexander
34%
2007 Preston North End Graham Alexander
34%
2006 Preston North End Graham Alexander
34%
2005 Preston North End Graham Alexander
34%
2004 Preston North End Graham Alexander
34%
2003 Preston North End Graham Alexander
34%
2002 Preston North End Graham Alexander
34%
2018 Rangers Jamie Murphy
34%
2016 Brighton & Hove Albion Jamie Murphy
34%
2017 Rangers Lee Wallace
34%
2016 Rangers Lee Wallace
34%
2013 Rangers Lee Wallace
34%
2012 Rangers Lee Wallace
34%
2010 Hearts Lee Wallace
34%
2009 Hearts Lee Wallace
34%
2001 Leicester City Matt Elliott
34%
2000 Leicester City Matt Elliott
34%
2006 Cardiff City Neil Alexander
34%
2018 Wolverhampton Wanderers Barry Douglas
32%
2020 Sheffield Wednesday Callum Paterson
32%
2019 Cardiff City Callum Paterson
32%
2018 Cardiff City Callum Paterson
32%
2017 Cardiff City Callum Paterson
32%
2016 Hearts Callum Paterson
32%
2003 West Ham United Don Hutchison
32%
2001 Sunderland Don Hutchison
32%
2000 Everton Don Hutchison
32%
2012 Rangers Ian Black
32%
2023 Millwall Kevin Nisbet
32%
2021 Hibernian Kevin Nisbet
32%
2003 Rangers Maurice Ross
32%
2002 Rangers Maurice Ross
32%
2005 Celtic Rab Douglas
32%
2004 Celtic Rab Douglas
32%
2003 Celtic Rab Douglas
32%
2002 Celtic Rab Douglas
32%
2009 Preston North End Ross Wallace
32%
2008 Plymouth Argyle Russell Anderson
32%
2007 Sunderland Russell Anderson
32%
2006 Aberdeen Russell Anderson
32%
2005 Aberdeen Russell Anderson
32%
2004 Aberdeen Russell Anderson
32%
2002 Aberdeen Russell Anderson
32%
2008 Stirling Albion Andy Graham
31%
2010 Kilmarnock Cammy Bell
29%
2009 Hibernian Derek Riordan
29%
2005 Hibernian Derek Riordan
29%
2019 Aberdeen Graeme Shinnie
29%
2018 Aberdeen Graeme Shinnie
29%
2017 Aberdeen Graeme Shinnie
29%
2015 Aberdeen Graeme Shinnie
29%
2012 Inverness Caledonian Thistle Graeme Shinnie
29%
2006 Rangers Ian Murray
29%
2005 Rangers Ian Murray
29%
2004 Hibernian Ian Murray
29%
2002 Hibernian Ian Murray
29%
2020 Celtic Leigh Griffiths
29%
2018 Celtic Leigh Griffiths
29%
2017 Celtic Leigh Griffiths
29%
2016 Celtic Leigh Griffiths
29%
2015 Celtic Leigh Griffiths
29%
2013 Hibernian Leigh Griffiths
29%
2012 Hibernian Leigh Griffiths
29%
2004 Kilmarnock Stephen Murray
29%
2013 Hearts Andy Webster
27%
2012 Hearts Andy Webster
27%
2010 Dundee United Andy Webster
27%
2006 Hearts Andy Webster
27%
2005 Hearts Andy Webster
27%
2004 Hearts Andy Webster
27%
2003 Hearts Andy Webster
27%
2022 Liverpool Calvin Ramsay
27%
2004 Wolverhampton Wanderers Colin Cameron
27%
2003 Wolverhampton Wanderers Colin Cameron
27%
2002 Wolverhampton Wanderers Colin Cameron
27%
2001 Hearts Colin Cameron
27%
2000 Hearts Colin Cameron
27%
2015 Derby County Craig Forsyth
27%
2014 Derby County Craig Forsyth
27%
2023 Blackburn Rovers Dominic Hyam
27%
2009 Birmingham City Garry O'Connor
27%
2007 Lokomotiv Moscow Garry O'Connor
27%
2006 Lokomotiv Moscow Garry O'Connor
27%
2005 Hibernian Garry O'Connor
27%
2002 Hibernian Garry O'Connor
27%
2009 Cardiff City Gavin Rae
27%
2008 Cardiff City Gavin Rae
27%
2006 Rangers Gavin Rae
27%
2004 Rangers Gavin Rae
27%
2003 Dundee Gavin Rae
27%
2001 Dundee Gavin Rae
27%
2005 Celtic Jackie McNamara
27%
2004 Celtic Jackie McNamara
27%
2003 Celtic Jackie McNamara
27%
2002 Celtic Jackie McNamara
27%
2001 Celtic Jackie McNamara
27%
2000 Celtic Jackie McNamara
27%
2019 Sunderland Lewis Morgan
27%
2018 Celtic Lewis Morgan
27%
2006 West Bromwich Albion Nigel Quashie
27%
2005 Southampton Nigel Quashie
27%
2004 Portsmouth Nigel Quashie
27%
2003 Everton Scot Gemmill
27%
2002 Everton Scot Gemmill
27%
2001 Everton Scot Gemmill
27%
2019 Celtic Scott Bain
27%
2018 Celtic Scott Bain
27%
2016 Dundee Scott Bain
27%
2005 Dundee United Stephen Crawford
27%
2004 Dunfermline Stephen Crawford
27%
2003 Dunfermline Stephen Crawford
27%
2002 Dunfermline Stephen Crawford
27%
2001 Dunfermline Stephen Crawford
27%
2005 Preston North End Brian O'Neil
26%
2000 Wolfsburg Brian O'Neil
26%
2022 Celtic David Turnbull
26%
2021 Celtic David Turnbull
26%
2016 Blackburn Rovers Gordon Greer
26%
2015 Brighton & Hove Albion Gordon Greer
26%
2014 Brighton & Hove Albion Gordon Greer
26%
2013 Brighton & Hove Albion Gordon Greer
26%
2012 Queens Park Rangers Jamie Mackie
26%
2011 Queens Park Rangers Jamie Mackie
26%
2010 Queens Park Rangers Jamie Mackie
26%
2004 Celtic John Kennedy
26%
2023 Rangers John Souttar
26%
2022 Hearts John Souttar
26%
2021 Hearts John Souttar
26%
2019 Hearts John Souttar
26%
2018 Hearts John Souttar
26%
2009 Kilmarnock Kevin Kyle
26%
2004 Sunderland Kevin Kyle
26%
2003 Sunderland Kevin Kyle
26%
2002 Sunderland Kevin Kyle
26%
2013 Celtic Kris Commons
26%
2012 Celtic Kris Commons
26%
2011 Celtic Kris Commons
26%
2010 Derby County Kris Commons
26%
2009 Derby County Kris Commons
26%
2008 Derby County Kris Commons
26%
2010 Rangers Lee McCulloch
26%
2007 Wigan Athletic Lee McCulloch
26%
2006 Wigan Athletic Lee McCulloch
26%
2005 Wigan Athletic Lee McCulloch
26%
2004 Wigan Athletic Lee McCulloch
26%
2010 Bristol City Paul Hartley
26%
2009 Bristol City Paul Hartley
26%
2008 Celtic Paul Hartley
26%
2007 Celtic Paul Hartley
26%
2006 Hearts Paul Hartley
26%
2005 Hearts Paul Hartley
26%
2001 Twente Scott Booth
26%
2006 Hearts Steven Pressley
26%
2005 Hearts Steven Pressley
26%
2004 Hearts Steven Pressley
26%
2003 Hearts Steven Pressley
26%
2002 Hearts Steven Pressley
26%
2000 Hearts Steven Pressley
26%
2021 Aberdeen Andrew Considine
24%
2020 Aberdeen Andrew Considine
24%
2019 Blackburn Rovers Charlie Mulgrew
24%
2018 Blackburn Rovers Charlie Mulgrew
24%
2017 Blackburn Rovers Charlie Mulgrew
24%
2016 Celtic Charlie Mulgrew
24%
2015 Celtic Charlie Mulgrew
24%
2014 Celtic Charlie Mulgrew
24%
2013 Celtic Charlie Mulgrew
24%
2012 Celtic Charlie Mulgrew
24%
2016 Derby County Craig Bryson
24%
2014 Derby County Craig Bryson
24%
2013 Derby County Craig Bryson
24%
2010 Kilmarnock Craig Bryson
24%
2017 Sheffield Wednesday Jordan Rhodes
24%
2015 Blackburn Rovers Jordan Rhodes
24%
2013 Blackburn Rovers Jordan Rhodes
24%
2012 Blackburn Rovers Jordan Rhodes
24%
2011 Huddersfield Town Jordan Rhodes
24%
2022 Hellas Verona Josh Doig
24%
2003 Dundee Lee Wilkie
24%
2002 Dundee Lee Wilkie
24%
2016 Hull City Shaun Maloney
24%
2015 Chicago Fire Shaun Maloney
24%
2014 Wigan Athletic Shaun Maloney
24%
2013 Wigan Athletic Shaun Maloney
24%
2012 Wigan Athletic Shaun Maloney
24%
2010 Celtic Shaun Maloney
24%
2009 Celtic Shaun Maloney
24%
2008 Celtic Shaun Maloney
24%
2007 Aston Villa Shaun Maloney
24%
2005 Celtic Shaun Maloney
24%
2001 Rangers Billy Dodds
23%
2000 Rangers Billy Dodds
23%
2010 Burnley Chris Iwelumo
23%
2008 Wolverhampton Wanderers Chris Iwelumo
23%
2017 Ipswich Town Christophe Berra
23%
2016 Ipswich Town Christophe Berra
23%
2015 Ipswich Town Christophe Berra
23%
2014 Ipswich Town Christophe Berra
23%
2013 Wolverhampton Wanderers Christophe Berra
23%
2012 Wolverhampton Wanderers Christophe Berra
23%
2011 Wolverhampton Wanderers Christophe Berra
23%
2010 Wolverhampton Wanderers Christophe Berra
23%
2009 Wolverhampton Wanderers Christophe Berra
23%
2008 Hearts Christophe Berra
23%
2012 Cardiff City Don Cowie
23%
2011 Cardiff City Don Cowie
23%
2009 Watford Don Cowie
23%
2019 Kilmarnock Eamonn Brophy
23%
2021 Rangers Jon McLaughlin
23%
2020 Rangers Jon McLaughlin
23%
2019 Sunderland Jon McLaughlin
23%
2018 Sunderland Jon McLaughlin
23%
2018 Millwall Jordan Archer
23%
2017 Millwall Jordan Archer
23%
2018 Hibernian Lewis Stevenson
23%
2016 Fulham Ross McCormack
23%
2014 Leeds United Ross McCormack
23%
2013 Leeds United Ross McCormack
23%
2012 Leeds United Ross McCormack
23%
2011 Leeds United Ross McCormack
23%
2009 Cardiff City Ross McCormack
23%
2008 Motherwell Ross McCormack
23%
2010 Middlesbrough Stephen McManus
23%
2009 Celtic Stephen McManus
23%
2008 Celtic Stephen McManus
23%
2007 Celtic Stephen McManus
23%
2006 Celtic Stephen McManus
23%
2015 Sheffield Wednesday Stevie May
23%
2014 Sheffield Wednesday Stevie May
23%
2001 Kilmarnock Andy McLaren
21%
2003 Derby County Craig Burley
21%
2001 Derby County Craig Burley
21%
2000 Derby County Craig Burley
21%
2010 Rangers Kirk Broadfoot
21%
2008 Rangers Kirk Broadfoot
21%
2019 Aberdeen Michael Devlin
21%
2018 Aberdeen Michael Devlin
21%
2003 Birmingham City Paul Devlin
21%
2002 Birmingham City Paul Devlin
21%
2020 Hibernian Paul Hanlon
21%
2017 Hibernian Paul Hanlon
21%
2000 Coventry City Paul Telfer
21%
2022 Rangers Robby McCrorie
21%
2020 Livingston Robby McCrorie
21%
2020 Aberdeen Ross McCrorie
21%
2017 Hibernian Steven Whittaker
21%
2016 Norwich City Steven Whittaker
21%
2015 Norwich City Steven Whittaker
21%
2014 Norwich City Steven Whittaker
21%
2013 Norwich City Steven Whittaker
21%
2012 Rangers Steven Whittaker
21%
2011 Rangers Steven Whittaker
21%
2010 Rangers Steven Whittaker
21%
2009 Rangers Steven Whittaker
21%
2004 Dunfermline Barry Nicholson
19%
2001 Dunfermline Barry Nicholson
19%
2008 Queen of the South Craig Barr
19%
2019 Hamburg David Bates
19%
2018 Hamburg David Bates
19%
2015 Norwich City Graham Dorrans
19%
2014 West Bromwich Albion Graham Dorrans
19%
2013 West Bromwich Albion Graham Dorrans
19%
2012 West Bromwich Albion Graham Dorrans
19%
2011 West Bromwich Albion Graham Dorrans
19%
2010 West Bromwich Albion Graham Dorrans
19%
2009 West Bromwich Albion Graham Dorrans
19%
2000 Kilmarnock Ian Durrant
19%
2014 Sunderland Phil Bardsley
19%
2012 Sunderland Phil Bardsley
19%
2011 Sunderland Phil Bardsley
19%
2010 Sunderland Phil Bardsley
19%
2002 West Bromwich Albion Scott Dobie
19%
2019 Kilmarnock Stuart Findlay
19%
2007 Celtic Craig Beattie
18%
2005 Celtic Craig Beattie
18%
2013 Cardiff City Craig Conway
18%
2011 Dundee United Craig Conway
18%
2009 Dundee United Craig Conway
18%
2002 West Bromwich Albion Derek McInnes
18%
2002 Leeds United Dominic Matteo
18%
2001 Leeds United Dominic Matteo
18%
2000 Leeds United Dominic Matteo
18%
2010 Dundee United Garry Kenneth
18%
2018 Rangers Jason Cummings
18%
2017 Nottingham Forest Jason Cummings
18%
2000 Celtic Jonathan Gould
18%
2014 Burnley Matthew Gilks
18%
2013 Blackpool Matthew Gilks
18%
2012 Blackpool Matthew Gilks
18%
2002 Middlesbrough Robbie Stockdale
18%
2016 Blackburn Rovers Tony Watt
18%
2006 Livingston David McNamee
16%
2004 Livingston David McNamee
16%
2007 Reading Graeme Murty
16%
2006 Reading Graeme Murty
16%
2004 Reading Graeme Murty
16%
2012 Huddersfield Town Paul Dixon
16%
2007 Derby County Stephen Pearson
16%
2004 Celtic Stephen Pearson
16%
2003 Motherwell Stephen Pearson
16%
2004 Newcastle United Brian Kerr
15%
2003 Newcastle United Brian Kerr
15%
2001 Hibernian John O'Neill
15%
2016 Leeds United Liam Bridcutt
15%
2013 Brighton & Hove Albion Liam Bridcutt
15%
2011 Blackpool Stephen Crainey
15%
2010 Blackpool Stephen Crainey
15%
2004 Southampton Stephen Crainey
15%
2002 Celtic Stephen Crainey
15%
2012 Southampton Danny Fox
13%
2009 Celtic Danny Fox
13%
2008 Derby County James McEveley
13%
2007 Derby County James McEveley
13%
2008 Cardiff City Kevin McNaughton
13%
2004 Aberdeen Kevin McNaughton
13%
2002 Aberdeen Kevin McNaughton
13%
2008 Motherwell David Clarkson
11%
2004 Norwich City Gary Holt
11%
2002 Norwich City Gary Holt
11%
2000 Kilmarnock Gary Holt
11%
2006 Hearts Robbie Neilson
11%
2016 Ross County Scott Fox
11%
2011 Blackburn Rovers David Goodwillie
10%
2010 Dundee United David Goodwillie
10%
2017 Hearts Jack Hamilton
10%
2016 Hearts Jack Hamilton
10%
2006 Aberdeen Scott Severin
10%
2005 Aberdeen Scott Severin
10%
2004 Aberdeen Scott Severin
10%
2002 Hearts Scott Severin
10%
2001 Hearts Scott Severin
10%
2022 Hearts Stephen Kingsley
10%
2016 Swansea City Stephen Kingsley
10%
2002 Crystal Palace Dougie Freedman
8%
2001 Crystal Palace Dougie Freedman
8%
2000 Celtic Mark Burchill
8%
2017 Aberdeen Mark Reynolds
8%
2016 Birmingham City Paul Caddis
8%
2011 Aberdeen Chris Maguire
6%
2009 Derby County Gary Teale
6%
2008 Plymouth Argyle Gary Teale
6%
2007 Derby County Gary Teale
6%
2006 Wigan Athletic Gary Teale
6%
2010 Motherwell Steven Saunders
5%
2018 Motherwell Chris Cadden
3%
2018 Hibernian Dylan McGeouch
3%
2004 Leicester City Peter Canero
3%
2004 Motherwell Steven Hammell
3%
2022 Hearts Craig Halkett
2%
2019 Portsmouth Craig MacGillivary
2%
2019 Hibernian Marc McNulty
2%
No matching quizzes found
Score Distribution
Percent of People with Each Score
Percentile by Number Answered
Your Score History
You have not taken this quiz